Family Guy A-Z Quiz Stats

 Plays Quiz Updated Oct 4, 2018

Challenge
Share
Tweet
Embed
Score 0/26 Timer 07:00
17 Plays Today
Hint Answer % Correct
The mayor of the Griffin's hometownAdam West
94.9%
Animal that frequently scares ChrisEvil Monkey
81.2%
Hometown of the Griffin familyQuahog
75.9%
Stewie's stuffed bearRupert
72.5%
Peter's national heritageIrish
72%
Name of Cleveland's first wifeLoretta Brown
71.8%
Lois' maiden namePewterschmidt
71.1%
Hate group that Peter mistakes for ghostsKu Klux Klan
71%
What Brian asks Stewie for when Joe arrives to administer a drug testUrine
66.8%
Fast-talking African American who works for Channel 5 NewsOllie Williams
64.3%
Procedure Peter undergoes after Lois believes herself to be pregnantVasectomy
56%
What organization confronts Peter for the production of his own television network?Federal Communications Commission
51.8%
Type of joke commonly used to break up the main storyCutaway Gags
49.4%
Hint Answer % Correct
Peter's job when he first met LoisTowel Boy
48.3%
Brian's homosexual cousinJasper
48%
Brian tells Stewie the incorrect rules to this game in order to be able to call him 'gay'Yahtzee
47.6%
Surname of Peter's boss when he worked at Happy-Go-Lucky Toy FactoryWeed
46.2%
Item Peter orders from a comic bookX-ray Specs
44.5%
Peter's African American ancestor who was enslaved by the Pewterschmidt familyNathaniel 'Nate' Griffin
41.7%
MP3 Player Carter Pewterschmidt pretends to have when playing a joke on Bill GatesZune
37%
Brian's son's nameDylan Flannigan
33.8%
Failed cartoon created by Chris, Peter, and MegHandiquacks
33%
Peter's biological son raised by two lesbian womenBertram
25%
Peter's biological fatherMickey McFinnigan
23.3%
According to 'Screwed the Pooch', Meg's real father's nameStan Thompson
18.5%
'Lovable character' created by Peter to help stop pollutionGary the No-Trash Cougar
16.9%

You're not logged in!

Compare scores with friends on all Sporcle quizzes.
OR
Log In

You Might Also Like...

Show Comments

Extras

Top Quizzes Today


Score Distribution

Your Account Isn't Verified!

In order to create a playlist on Sporcle, you need to verify the email address you used during registration. Go to your Sporcle Settings to finish the process.

Report this User

Report this user for behavior that violates our Community Guidelines.

Details: